Music Quiz

Random Music or Bands Quiz

Girl Bands Quiz Stats

 Plays Quiz Updated Aug 11, 2013

Challenge
Share
Tweet
Score 0/16 Timer 04:00
6 Plays Today
% Correct
Spice Girls
93.8%
Destiny's Child
91.8%
The Supremes
72.1%
TLC
69.1%
The Pussycat Dolls
68.9%
Dixie Chicks
68.7%
Salt-n-Pepa
45.6%
Wilson Phillips
40.2%
% Correct
The Bangles
37.4%
The Go-Gos
37%
En Vogue
34%
Tegan and Sara
27.3%
The Runaways
26.8%
The Pointer Sisters
25.5%
B*Witched
19.6%
The Donnas
13.5%

You're not logged in!

Compare scores with friends on all Sporcle quizzes.
Join for Free
OR
Log In

You Might Also Like...

Show Comments

Extras

Top Quizzes Today


Score Distribution

Your Account Isn't Verified!

In order to create a playlist on Sporcle, you need to verify the email address you used during registration. Go to your Sporcle Settings to finish the process.

Report this User

Report this user for behavior that violates our Community Guidelines.

Details: